[Event "34. Copenhagen Open (Politiken Cup)"]
[Site "Elsinore"]
[Date "2012.08.04"]
[Round "9"]
[White "Bratteteig, Tore Inge"]
[Black "Svane, Troels"]
[Result "1/2-1/2"]
[WhiteElo "1679"]
[BlackElo "1723"]
[PlyCount "138"]
[EventDate "2012.07.28"]
[EventType "swiss"]
[EventRounds "10"]
[EventCountry "DEN"]
[Source "ChessBase"]
[SourceDate "2012.08.24"]

1. d4 Nf6 2. c4 d6 3. Nf3 g6 4. Nc3 Bg7 5. g3 O-O 6. Bg2 Nc6 7. e4 e5 8. d5 Ne7
9. h3 Bd7 10. O-O Nh5 11. Be3 f5 12. Bg5 Nf6 13. Ne1 Qc8 14. Kh2 Rf7 15. Qe2
fxe4 16. Bxf6 Rxf6 17. Nxe4 Rf7 18. Ng5 Rf6 19. Ne4 Rf7 20. Ng5 Rf8 21. Nd3 Bh6
22. Ne4 Nf5 23. Ne1 Nd4 24. Qd3 Bf5 25. Nc2 Nxc2 26. Qxc2 Rf7 27. b4 Qd7 28. a4
a6 29. Qe2 Raf8 30. c5 Ra8 31. Qc4 Qd8 32. Ra2 Bf8 33. g4 Bc8 34. Rc2 Rf4 35.
Qd3 a5 36. b5 b6 37. cxd6 cxd6 38. Rfc1 Rf7 39. Qd2 Bb7 40. Rc3 Rc8 41. Rxc8
Bxc8 42. Qc2 Bb7 43. Qc4 Rd7 44. Kg3 Be7 45. Rc2 Qf8 46. Kh2 Bd8 47. Qd3 Rc7
48. Rc6 Bxc6 49. dxc6 Be7 50. Nc3 Bd8 51. Nd5 Rg7 52. Qe3 Rf7 53. Kg1 Kh8 54.
Nxb6 Rf4 55. Nd5 Rc4 56. Qa7 Bh4 57. c7 Rc1+ 58. Kh2 Bxf2 59. Qb8 Bg1+ 60. Kg3
Bf2+ 61. Kh2 Bg1+ 62. Kg3 Kg7 63. Qxf8+ Kxf8 64. b6 Bxb6 65. c8=Q+ Rxc8 66.
Nxb6 Rc3+ 67. Kf2 Rc2+ 68. Kg3 Rc3+ 69. Kf2 Rc2+ 1/2-1/2

[Event "34. Copenhagen Open (Politiken Cup)"]
[Site "Elsinore"]
[Date "2012.08.04"]
[Round "9"]
[White "Bremer, Erik"]
[Black "Sivaranjan, Aschmirthan"]
[Result "0-1"]
[WhiteElo "1547"]
[BlackElo "1450"]
[PlyCount "50"]
[EventDate "2012.07.28"]
[EventType "swiss"]
[EventRounds "10"]
[EventCountry "DEN"]
[Source "ChessBase"]
[SourceDate "2012.08.24"]

1. e4 e5 2. Nf3 Nc6 3. Bb5 a6 4. Ba4 Nf6 5. O-O b5 6. Bb3 Bc5 7. d3 h6 8. c3 d6
9. h3 Be6 10. Nbd2 O-O 11. d4 exd4 12. cxd4 Nxd4 13. Nxd4 Bxd4 14. Nf3 Bb6 15.
e5 dxe5 16. Qxd8 Raxd8 17. Bxe6 fxe6 18. Nxe5 Nd5 19. g3 Rf5 20. Nc6 Rdf8 21.
Bf4 Kh7 22. Be5 Bxf2+ 23. Kg2 Ne3+ 24. Kh2 Nxf1+ 25. Rxf1 Bxg3+ 0-1

[Event "34. Copenhagen Open (Politiken Cup)"]
[Site "Elsinore"]
[Date "2012.08.04"]
[Round "9"]
[White "Brondum, Eric"]
[Black "Sorensen, Dick"]
[Result "1/2-1/2"]
[WhiteElo "2141"]
[BlackElo "2023"]
[PlyCount "48"]
[EventDate "2012.07.28"]
[EventType "swiss"]
[EventRounds "10"]
[EventCountry "DEN"]
[Source "ChessBase"]
[SourceDate "2012.08.24"]

1. Nf3 d5 2. d4 e6 3. e3 c5 4. c4 Nf6 5. Nc3 Nc6 6. Bd3 Be7 7. O-O O-O 8. a3
dxc4 9. Bxc4 a6 10. dxc5 Bxc5 11. b4 Ba7 12. Qe2 Qe7 13. Bb2 b5 14. Bb3 Bb7 15.
Rac1 Rfd8 16. Bc2 Rac8 17. Ne4 Nxe4 18. Bxe4 Nb8 19. Bb1 Nd7 20. Rfd1 Nf8 21.
Rxc8 Rxd1+ 22. Qxd1 Bxc8 23. Ne5 Bb7 24. Bd4 Qg5 1/2-1/2

[Event "34. Copenhagen Open (Politiken Cup)"]
[Site "Elsinore"]
[Date "2012.08.04"]
[Round "9"]
[White "Bulski, Krzysztof"]
[Black "Cheparinov, Ivan"]
[Result "0-1"]
[WhiteElo "2554"]
[BlackElo "2677"]
[PlyCount "72"]
[EventDate "2012.07.28"]
[EventType "swiss"]
[EventRounds "10"]
[EventCountry "DEN"]
[Source "ChessBase"]
[SourceDate "2012.08.24"]

1. d4 Nf6 2. c4 g6 3. g3 Bg7 4. Bg2 O-O 5. Nc3 d6 6. Nf3 Nc6 7. O-O a6 8. b3
Rb8 9. Nd5 Nxd5 10. cxd5 Nb4 11. e4 f5 12. Ng5 c5 13. dxc6 Nxc6 14. exf5 Bxf5
15. Be3 d5 16. g4 Bc8 17. h3 Qd6 18. Qd2 h6 19. Nf3 h5 20. gxh5 Bxh3 21. Bxh3
Rxf3 22. Bg2 Rf5 23. h6 Bh8 24. Rad1 Rbf8 25. f4 Kh7 26. Rf3 e6 27. Bh3 Rh5 28.
Qg2 Ne7 29. Bg4 Rh4 30. Rh3 Rxh3 31. Qxh3 Nf5 32. Bxf5 exf5 33. Qf1 Re8 34. Qd3
Re4 35. Rc1 Qe7 36. Rc3 Rxe3 0-1

[Event "34. Copenhagen Open (Politiken Cup)"]
[Site "Elsinore"]
[Date "2012.08.04"]
[Round "9"]
[White "Carlstedt, Jonathan"]
[Black "Hillarp Persson, Tiger"]
[Result "1-0"]
[WhiteElo "2352"]
[BlackElo "2575"]
[PlyCount "81"]
[EventDate "2012.07.28"]
[EventType "swiss"]
[EventRounds "10"]
[EventCountry "DEN"]
[Source "ChessBase"]
[SourceDate "2012.08.24"]

1. c4 e5 2. g3 Nf6 3. Bg2 h6 4. Nf3 e4 5. Nd4 Nc6 6. Nc2 Ne5 7. b3 d5 8. cxd5
Bf5 9. Ne3 Bg6 10. Bb2 Bd6 11. Na3 O-O 12. Nac4 Re8 13. Rc1 a5 14. O-O h5 15.
Nxd6 cxd6 16. Qc2 Re7 17. Bh3 Qb6 18. Bxe5 dxe5 19. Qc5 Qxc5 20. Rxc5 Ne8 21.
Rfc1 Nd6 22. Nc4 Ra6 23. Nxd6 Rxd6 24. Rxa5 f5 25. e3 Kh7 26. Rc8 Kh6 27. Bf1
h4 28. Bc4 Kg5 29. Rac5 hxg3 30. fxg3 Bf7 31. Kf2 Red7 32. Ke2 b6 33. R5c7 Bxd5
34. Bxd5 Rxd5 35. Rxd7 Rxd7 36. Rc6 Kg4 37. Rxb6 g5 38. Rg6 Kh5 39. Re6 Kg4 40.
Rxe5 Rh7 41. h4 1-0

[Event "34. Copenhagen Open (Politiken Cup)"]
[Site "Elsinore"]
[Date "2012.08.04"]
[Round "9"]
[White "Carnstam, Tomas"]
[Black "Rasmussen, Morten Fredsgaard"]
[Result "1/2-1/2"]
[WhiteElo "2060"]
[BlackElo "1916"]
[PlyCount "95"]
[EventDate "2012.07.28"]
[EventType "swiss"]
[EventRounds "10"]
[EventCountry "DEN"]
[Source "ChessBase"]
[SourceDate "2012.08.24"]

1. c4 c6 2. e4 d5 3. cxd5 cxd5 4. exd5 Nf6 5. Nc3 Nxd5 6. d4 e6 7. Bc4 Bb4 8.
Nge2 Qa5 9. Bd2 Nxc3 10. bxc3 Bd6 11. f4 Qc7 12. Bd3 Nd7 13. O-O Nf6 14. c4 b6
15. Nc3 Bd7 16. Nb5 Bxb5 17. cxb5 Rc8 18. Rc1 Qd7 19. Rxc8+ Qxc8 20. Qf3 O-O
21. Rc1 Qd7 22. Qc6 g6 23. Qxd7 Nxd7 24. Rc6 Bb8 25. Be4 Rd8 26. Bf3 Kg7 27. g3
Nf6 28. Bc3 Nd5 29. Bxd5 exd5 30. Bb4 Rd7 31. Rc8 Bc7 32. Bf8+ Kf6 33. Bh6 Ke6
34. Re8+ Re7 35. Ra8 Bd6 36. a4 Rc7 37. Kg2 Rb7 38. Re8+ Re7 39. Rh8 f6 40. Kf3
Rc7 41. h4 Rf7 42. Re8+ Re7 43. Rc8 Rc7 44. Rxc7 Bxc7 45. g4 Bd6 46. h5 Kf7 47.
f5 g5 48. Ke2 1/2-1/2

[Event "34. Copenhagen Open (Politiken Cup)"]
[Site "Elsinore"]
[Date "2012.08.04"]
[Round "9"]
[White "Carstensen, Jacob"]
[Black "Schandorff, Lars"]
[Result "1/2-1/2"]
[WhiteElo "2352"]
[BlackElo "2516"]
[PlyCount "27"]
[EventDate "2012.07.28"]
[EventType "swiss"]
[EventRounds "10"]
[EventCountry "DEN"]
[Source "ChessBase"]
[SourceDate "2012.08.24"]

1. d4 d5 2. c4 c6 3. Nf3 Nf6 4. Nc3 e6 5. Bg5 h6 6. Bxf6 Qxf6 7. e3 Nd7 8. Bd3
dxc4 9. Bxc4 g6 10. O-O Bg7 11. Rc1 O-O 12. e4 Qe7 13. e5 Rd8 14. Qe2 1/2-1/2

[Event "34. Copenhagen Open (Politiken Cup)"]
[Site "Elsinore"]
[Date "2012.08.04"]
[Round "9"]
[White "Christensen, Esben"]
[Black "Nielsen, Michael1"]
[Result "1-0"]
[WhiteElo "2023"]
[BlackElo "2127"]
[PlyCount "146"]
[EventDate "2012.07.28"]
[EventType "swiss"]
[EventRounds "10"]
[EventCountry "DEN"]
[Source "ChessBase"]
[SourceDate "2012.08.24"]

1. e4 c5 2. Nf3 d6 3. d4 cxd4 4. Nxd4 Nf6 5. Nc3 a6 6. Bg5 e5 7. Bxf6 gxf6 8.
Nf5 Bxf5 9. exf5 Nc6 10. Nd5 Nd4 11. c3 Nxf5 12. Qf3 Nh4 13. Nxf6+ Ke7 14. Nd5+
Ke8 15. Qg4 Be7 16. O-O-O Kf8 17. g3 Ng6 18. f4 Rg8 19. Qh5 Kg7 20. Bd3 Kh8 21.
f5 e4 22. Nxe7 Nxe7 23. Bxe4 f6 24. Rhe1 Rg5 25. Qf7 Nxf5 26. Rf1 Rg7 27. Qe6
Ne3 28. Rxd6 Qa5 29. Re1 Qc5 30. Bf3 Nc4 31. Rd5 Qf2 32. Qe2 Qxe2 33. Rxe2 Ne5
34. Be4 Re7 35. Bf5 Rae8 36. Kc2 Nc4 37. Rxe7 Rxe7 38. Rd8+ Kg7 39. Kb3 Na5+
40. Ka4 Nc4 41. Kb3 Na5+ 42. Kc2 Nc4 43. Bd3 Ne3+ 44. Kd2 Ng4 45. h3 Ne5 46.
Be2 Kg6 47. b3 Kf5 48. Rd4 Ke6 49. a4 f5 50. Rh4 Rg7 51. Rh6+ Kd5 52. Rh5 Ke6
53. g4 fxg4 54. hxg4 Rd7+ 55. Kc2 Kd6 56. Rh6+ Kc7 57. Re6 Ng6 58. Bf3 Rg7 59.
a5 Nf4 60. Be2 Ng2 61. Bf3 Nh4 62. Bh1 Rxg4 63. Re7+ Kd6 64. Rxh7 Ng2 65. Rxb7
Ne3+ 66. Kd3 Nd1 67. Rb6+ Kc7 68. Kd2 Nf2 69. Bf3 Rg3 70. Ke3 Nh3 71. Rc6+ Kb8
72. Rf6 Ng5 73. b4 Ka7 1-0

[Event "34. Copenhagen Open (Politiken Cup)"]
[Site "Elsinore"]
[Date "2012.08.04"]
[Round "9"]
[White "Christensen, Uffe Stenberg"]
[Black "Svane, Frederik"]
[Result "0-1"]
[WhiteElo "1913"]
[BlackElo "1676"]
[PlyCount "92"]
[EventDate "2012.07.28"]
[EventType "swiss"]
[EventRounds "10"]
[EventCountry "DEN"]
[Source "ChessBase"]
[SourceDate "2012.08.24"]

1. d4 Nf6 2. Nf3 d5 3. Bf4 e6 4. Nbd2 c5 5. e3 Nc6 6. c3 Be7 7. Bd3 O-O 8. O-O
b6 9. Qe2 Bb7 10. h3 Bd6 11. Ne5 Qc7 12. Ndf3 Nd7 13. Nxd7 Qxd7 14. Bxh7+ Kxh7
15. Ng5+ Kg6 16. Qg4 f5 17. Qg3 Kf6 18. Nh7+ Ke7 19. Nxf8 Rxf8 20. Qxg7+ Kd8
21. Bxd6 Qxg7 22. Bxf8 Qxf8 23. g3 Ke7 24. Kg2 e5 25. h4 e4 26. Rh1 Qh6 27.
Rag1 Nd8 28. Kf1 Bc8 29. h5 Be6 30. Rh4 Nf7 31. Kg2 Ng5 32. Rf4 Qxh5 33. Rh1
Qg6 34. Rh8 Bg8 35. Rfh4 Nf7 36. R8h5 Ke6 37. a3 c4 38. Kh2 Ng5 39. Rh6 Nf3+
40. Kh3 Nxh4 41. Rxg6+ Nxg6 42. g4 fxg4+ 43. Kxg4 Kf6 44. f4 exf3 45. Kxf3 Kf5
46. Ke2 Be6 0-1

[Event "34. Copenhagen Open (Politiken Cup)"]
[Site "Elsinore"]
[Date "2012.08.04"]
[Round "9"]
[White "Colpe, Malte"]
[Black "Clementsson, Jan"]
[Result "0-1"]
[WhiteElo "2284"]
[BlackElo "2115"]
[PlyCount "104"]
[EventDate "2012.07.28"]
[EventType "swiss"]
[EventRounds "10"]
[EventCountry "DEN"]
[Source "ChessBase"]
[SourceDate "2012.08.24"]

1. d4 e6 2. c4 Nf6 3. Nc3 Bb4 4. e3 b6 5. Bd3 Bb7 6. Nf3 O-O 7. O-O Bxc3 8.
bxc3 Be4 9. Be2 c5 10. Nd2 Bb7 11. Bd3 d5 12. cxd5 Nxd5 13. Bb2 Nc6 14. Be4 Nf6
15. Bf3 Qc7 16. Qe2 Rad8 17. Ba3 e5 18. dxc5 Qe7 19. Ne4 Nxe4 20. Bxe4 f5 21.
Bc2 e4 22. Rfd1 Ne5 23. Rd6 bxc5 24. Bb3+ Kh8 25. Rxd8 Rxd8 26. Qb5 Nd3 27. Rd1
Qc7 28. Bxc5 Bc6 29. Qa6 Nxc5 30. Rxd8+ Qxd8 31. Qxc6 Nxb3 32. h3 Nc1 33. Qe6
Ne2+ 34. Kh2 Nxc3 35. Qxf5 h6 36. Qc5 Qb8+ 37. g3 Nxa2 38. Qc4 Nb4 39. Qxe4 a5
40. f4 Qc8 41. Qe7 Nd5 42. Qe4 Nf6 43. Qd3 a4 44. g4 Qd7 45. Qa3 Qd2+ 46. Kg3
Qe1+ 47. Kg2 Qe2+ 48. Kg1 Qd1+ 49. Kg2 Qb3 50. Qf8+ Kh7 51. Kg3 Qxe3+ 52. Kh4
Qf2# 0-1

[Event "34. Copenhagen Open (Politiken Cup)"]
[Site "Elsinore"]
[Date "2012.08.04"]
[Round "9"]
[White "Danielsen, Henrik"]
[Black "Tari, Aryan"]
[Result "1-0"]
[WhiteElo "2511"]
[BlackElo "2256"]
[PlyCount "61"]
[EventDate "2012.07.28"]
[EventType "swiss"]
[EventRounds "10"]
[EventCountry "DEN"]
[Source "ChessBase"]
[SourceDate "2012.08.24"]

1. e4 c5 2. d3 Nc6 3. g3 g6 4. Bg2 Bg7 5. f4 d6 6. Nf3 e6 7. c3 Nge7 8. a4 O-O
9. O-O a6 10. Be3 Rb8 11. Kh1 b5 12. axb5 axb5 13. d4 cxd4 14. cxd4 Bb7 15.
Nbd2 Qb6 16. Re1 d5 17. e5 Na5 18. Nb3 Nc4 19. Nc5 Nxe3 20. Rxe3 Rfd8 21. Rc1
Nc6 22. Rec3 b4 23. R3c2 Rbc8 24. Qd3 Bf8 25. Bf1 Bxc5 26. Rxc5 Ra8 27. g4 Rdc8
28. f5 Ba6 29. Qd2 Bxf1 30. Qh6 Qd8 31. Ng5 1-0

[Event "34. Copenhagen Open (Politiken Cup)"]
[Site "Elsinore"]
[Date "2012.08.04"]
[Round "9"]
[White "Edwardsson, Hannu Kalervo"]
[Black "Barane, Simon"]
[Result "0-1"]
[WhiteElo "1464"]
[BlackElo "1835"]
[PlyCount "108"]
[EventDate "2012.07.28"]
[EventType "swiss"]
[EventRounds "10"]
[EventCountry "DEN"]
[Source "ChessBase"]
[SourceDate "2012.08.24"]

1. e4 c5 2. c4 Nc6 3. Nf3 g6 4. Be2 Bg7 5. O-O d6 6. d3 Nf6 7. Nc3 Bg4 8. Bd2
Bxf3 9. Bxf3 O-O 10. Rb1 Ne8 11. a3 Nd4 12. Be3 Nc7 13. Bxd4 Bxd4 14. Ne2 Bg7
15. Nc3 Ne6 16. Ne2 Rb8 17. b3 a6 18. a4 b5 19. axb5 axb5 20. cxb5 Rxb5 21. Qc2
Rb4 22. Bg4 Nd4 23. Nxd4 Bxd4 24. Kh1 Qb6 25. f4 Rb8 26. g3 Rxb3 27. Rxb3 Qxb3
28. Qxb3 Rxb3 29. Rd1 Rb2 30. Bh3 Kg7 31. f5 g5 32. g4 Kf6 33. Bg2 Ke5 34. h3
h6 35. Rf1 Kf6 36. Kh2 Rd2 37. Rf3 Kg7 38. Kh1 Kf8 39. Kh2 Ke8 40. Kh1 Kd8 41.
Kh2 Kc7 42. h4 Kb6 43. hxg5 hxg5 44. Kh1 Ka5 45. Bf1 Kb4 46. Rh3 Rf2 47. Bg2
Kc3 48. Rh7 f6 49. Rxe7 Kxd3 50. Re6 Be5 51. Kg1 Rf4 52. Re8 Rxg4 53. Ra8 Bd4+
54. Kh1 Rh4+ 0-1

[Event "34. Copenhagen Open (Politiken Cup)"]
[Site "Elsinore"]
[Date "2012.08.04"]
[Round "9"]
[White "Elenius, Erik"]
[Black "Aartun, Eivind"]
[Result "1/2-1/2"]
[WhiteElo "2069"]
[BlackElo "1777"]
[PlyCount "45"]
[EventDate "2012.07.28"]
[EventType "swiss"]
[EventRounds "10"]
[EventCountry "DEN"]
[Source "ChessBase"]
[SourceDate "2012.08.24"]

1. e4 c5 2. d4 cxd4 3. c3 e5 4. Nf3 Nc6 5. Bc4 Nf6 6. Bg5 Be7 7. cxd4 exd4 8.
O-O Qa5 9. Nbd2 O-O 10. Nb3 Qb4 11. Rc1 Nxe4 12. Bxe7 Nxe7 13. Qxd4 d5 14. Rfd1
Be6 15. a3 Qb6 16. Qxb6 axb6 17. Bd3 Rfc8 18. Nfd4 Nc5 19. Be2 Nc6 20. Nb5 Na4
21. Rb1 Ne5 22. N3d4 h6 23. Re1 1/2-1/2

[Event "34. Copenhagen Open (Politiken Cup)"]
[Site "Elsinore"]
[Date "2012.08.04"]
[Round "9"]
[White "Emborg, Jens"]
[Black "Marthedal, Anton Mehmet Yildiz"]
[Result "0-1"]
[WhiteElo "1649"]
[BlackElo "1334"]
[PlyCount "60"]
[EventDate "2012.07.28"]
[EventType "swiss"]
[EventRounds "10"]
[EventCountry "DEN"]
[Source "ChessBase"]
[SourceDate "2012.08.24"]

1. e4 c5 2. Nf3 e6 3. d4 g6 4. dxc5 Qa5+ 5. Bd2 Qxc5 6. Bc3 f6 7. Nbd2 Bg7 8.
Nb3 Qc6 9. Bd3 Ne7 10. Nfd4 Qc7 11. Qf3 O-O 12. Nb5 Qd8 13. Nd6 Nbc6 14. O-O-O
Ne5 15. Bxe5 fxe5 16. Qe2 Qb6 17. Nxc8 Raxc8 18. f3 d5 19. Kb1 Nc6 20. c3 d4
21. Rc1 dxc3 22. Rxc3 Nd4 23. Rxc8 Nxe2 24. Rxf8+ Bxf8 25. Bxe2 Qf2 26. Bc4 Kf7
27. Rd1 Qxg2 28. Rd7+ Be7 29. Rxb7 Qxh2 30. Nc5 Qg1+ 0-1

[Event "34. Copenhagen Open (Politiken Cup)"]
[Site "Elsinore"]
[Date "2012.08.04"]
[Round "9"]
[White "Eriksson, Kristian"]
[Black "Pallesen, Jacob"]
[Result "1-0"]
[WhiteElo "2082"]
[BlackElo "1975"]
[PlyCount "75"]
[EventDate "2012.07.28"]
[EventType "swiss"]
[EventRounds "10"]
[EventCountry "DEN"]
[Source "ChessBase"]
[SourceDate "2012.08.24"]

1. e4 c5 2. Nf3 e6 3. Nc3 Nc6 4. g3 a6 5. Bg2 Qc7 6. O-O Nf6 7. Re1 d6 8. d4
cxd4 9. Nxd4 Bd7 10. b3 Rc8 11. Nxc6 Bxc6 12. Nd5 Bxd5 13. exd5 e5 14. c4 Be7
15. f4 Nd7 16. Bb2 f6 17. fxe5 Nxe5 18. Bxe5 fxe5 19. Bh3 Rb8 20. Be6 Bf6 21.
Rc1 Qc5+ 22. Kg2 h6 23. Qh5+ Kd8 24. Qf7 Qc7 25. Qg6 b6 26. b4 Rf8 27. h4 a5
28. a3 axb4 29. axb4 Ra8 30. Qc2 Ra3 31. c5 bxc5 32. bxc5 Qa7 33. cxd6 Ra2 34.
Re2 Rxc2 35. Rexc2 Ke8 36. Rc8+ Bd8 37. Rxd8+ Kxd8 38. Rc8# 1-0

[Event "34. Copenhagen Open (Politiken Cup)"]
[Site "Elsinore"]
[Date "2012.08.04"]
[Round "9"]
[White "Gade, Jens"]
[Black "Skovle, Lars"]
[Result "0-1"]
[WhiteElo "1578"]
[BlackElo "1670"]
[PlyCount "82"]
[EventDate "2012.07.28"]
[EventType "swiss"]
[EventRounds "10"]
[EventCountry "DEN"]
[Source "ChessBase"]
[SourceDate "2012.08.24"]

1. e4 Nf6 2. e5 Nd5 3. c4 Nb6 4. d4 d6 5. f4 g6 6. Nf3 Bg4 7. Bd3 e6 8. O-O Nc6
9. Be3 Bg7 10. Qc2 Bxf3 11. Rxf3 dxe5 12. dxe5 Nb4 13. Qc3 Nxd3 14. Bxb6 Nxe5
15. fxe5 axb6 16. Nd2 O-O 17. Ne4 Qh4 18. Re3 Rfd8 19. Nf6+ Bxf6 20. exf6 Rxa2
21. Rf1 Qd4 22. Qxd4 Rxd4 23. b3 Rdd2 24. Rg3 h6 25. h4 Rd4 26. Rh3 Rg4 27. Rf2
Ra1+ 28. Kh2 Kh7 29. Rd2 Rf1 30. g3 Re4 31. Kg2 Rxf6 32. h5 e5 33. hxg6+ Kxg6
34. Rh4 Rxh4 35. gxh4 Rd6 36. Re2 f6 37. Re3 Rd4 38. Kg3 Kf5 39. Rf3+ Ke6 40.
h5 f5 41. Rc3 Rg4+ 0-1

[Event "34. Copenhagen Open (Politiken Cup)"]
[Site "Elsinore"]
[Date "2012.08.04"]
[Round "9"]
[White "Hagen, Anders Gjerdrum"]
[Black "Karlsson, Ulf"]
[Result "1-0"]
[WhiteElo "2130"]
[BlackElo "2012"]
[PlyCount "55"]
[EventDate "2012.07.28"]
[EventType "swiss"]
[EventRounds "10"]
[EventCountry "DEN"]
[Source "ChessBase"]
[SourceDate "2012.08.24"]

1. d4 Nf6 2. c4 e5 3. dxe5 Ng4 4. Nf3 Bc5 5. e3 Nc6 6. a3 a5 7. Nc3 Ngxe5 8.
Be2 Nxf3+ 9. Bxf3 Ne5 10. Be2 O-O 11. O-O Re8 12. Rb1 Bf8 13. f4 Nc6 14. Kh1
Bc5 15. Nd5 Ne7 16. Bd3 Nxd5 17. cxd5 d6 18. e4 Bd7 19. Bd2 Qh4 20. Bc3 c6 21.
Qc2 cxd5 22. exd5 Re7 23. Rbe1 Be3 24. g3 Qh5 25. Be4 Rxe4 26. Qxe4 Re8 27. Qd3
Bf5 28. Rxe3 1-0

[Event "34. Copenhagen Open (Politiken Cup)"]
[Site "Elsinore"]
[Date "2012.08.04"]
[Round "9"]
[White "Hansen, Anders1"]
[Black "Knudsen, Jes West"]
[Result "0-1"]
[WhiteElo "1711"]
[BlackElo "1918"]
[PlyCount "54"]
[EventDate "2012.07.28"]
[EventType "swiss"]
[EventRounds "10"]
[EventCountry "DEN"]
[Source "ChessBase"]
[SourceDate "2012.08.24"]

1. b3 e5 2. Bb2 Nc6 3. e3 f5 4. Bb5 d6 5. d4 Bd7 6. Nf3 e4 7. d5 exf3 8. dxc6
bxc6 9. Bd3 fxg2 10. Rg1 Nf6 11. Qf3 g6 12. Nd2 d5 13. O-O-O Bg7 14. e4 fxe4
15. Nxe4 dxe4 16. Bxe4 O-O 17. Bxc6 Bxc6 18. Qxc6 Qe8 19. Qxg2 Qe4 20. f3 Qf4+
21. Kb1 Rad8 22. Rdf1 Nd5 23. Qf2 Bxb2 24. Kxb2 Qf6+ 25. Ka3 Rd6 26. Ka4 Ra6+
27. Kb5 Qc6# 0-1

[Event "34. Copenhagen Open (Politiken Cup)"]
[Site "Elsinore"]
[Date "2012.08.04"]
[Round "9"]
[White "Haubro, Martin"]
[Black "Johansson, Anders"]
[Result "1/2-1/2"]
[WhiteElo "2148"]
[BlackElo "2029"]
[PlyCount "50"]
[EventDate "2012.07.28"]
[EventType "swiss"]
[EventRounds "10"]
[EventCountry "DEN"]
[Source "ChessBase"]
[SourceDate "2012.08.24"]

1. e4 c5 2. d4 cxd4 3. c3 Nf6 4. e5 Nd5 5. Nf3 Nc6 6. cxd4 d6 7. Bc4 dxe5 8.
dxe5 Ndb4 9. Qxd8+ Nxd8 10. Na3 e6 11. Be3 a6 12. O-O-O Bd7 13. Nd4 Ndc6 14. f4
Nxd4 15. Bxd4 Bc6 16. Rd2 g6 17. Rhd1 h5 18. Kb1 Be7 19. Bb3 Nd5 20. Rf2 Bxa3
21. bxa3 O-O-O 22. Kb2 Ne7 23. Rfd2 Nf5 24. Bb6 Rxd2+ 25. Rxd2 Ne7 1/2-1/2

[Event "34. Copenhagen Open (Politiken Cup)"]
[Site "Elsinore"]
[Date "2012.08.04"]
[Round "9"]
[White "Hedman, Erik"]
[Black "Nielsen, Rogvi Egilstoft"]
[Result "1-0"]
[WhiteElo "2381"]
[BlackElo "2203"]
[PlyCount "87"]
[EventDate "2012.07.28"]
[EventType "swiss"]
[EventRounds "10"]
[EventCountry "DEN"]
[Source "ChessBase"]
[SourceDate "2012.08.24"]

1. e4 e5 2. Bc4 Nf6 3. d3 Nc6 4. Nf3 Bc5 5. c3 O-O 6. O-O d6 7. Bb3 Ne7 8. Nbd2
Ng6 9. Re1 Bg4 10. h3 Bd7 11. d4 Bb6 12. Nc4 Qe7 13. Bg5 Be6 14. Ne3 h6 15. Nf5
Qd8 16. Bd2 Qd7 17. Ng3 Bxb3 18. Qxb3 exd4 19. cxd4 Rfe8 20. a4 a5 21. Re2 Re7
22. Rae1 Rae8 23. Kh2 Kf8 24. Qc2 Kg8 25. b3 c6 26. Qc1 Bc7 27. Kg1 Re6 28. Bc3
Qd8 29. Qd2 Bb6 30. Kf1 Qe7 31. Bxa5 Qd8 32. Bc3 Kf8 33. a5 Ba7 34. b4 Qd7 35.
b5 cxb5 36. d5 Re5 37. Nxe5 dxe5 38. Qb2 Nf4 39. Rd2 Nxh3 40. Bxe5 Rxe5 41.
Qxe5 Nxf2 42. Rxf2 Ng4 43. Qf5 Ne3+ 44. Rxe3 1-0

[Event "34. Copenhagen Open (Politiken Cup)"]
[Site "Elsinore"]
[Date "2012.08.04"]
[Round "9"]
[White "Helin, Mikael"]
[Black "Gebhardt, Ulrich"]
[Result "0-1"]
[WhiteElo "1905"]
[BlackElo "2222"]
[PlyCount "60"]
[EventDate "2012.07.28"]
[EventType "swiss"]
[EventRounds "10"]
[EventCountry "DEN"]
[Source "ChessBase"]
[SourceDate "2012.08.24"]

1. e4 e5 2. Nc3 Nc6 3. f4 exf4 4. Nf3 g5 5. h4 g4 6. Ng5 h6 7. Nxf7 Kxf7 8.
Bc4+ d5 9. Bxd5+ Kg7 10. d4 Nf6 11. Bxf4 Bb4 12. O-O Bxc3 13. bxc3 Nxd5 14.
exd5 Qxd5 15. Qd2 Be6 16. Rae1 Rad8 17. Re5 Nxe5 18. Re1 Nc4 19. Qc1 Rde8 20.
Be5+ Nxe5 21. Rxe5 Qd6 22. h5 Bd7 23. Qe3 Rxe5 24. dxe5 Qe6 25. Qe4 Bc6 26. Qd3
Rf8 27. c4 Qf5 28. Qg3 Qf1+ 29. Kh2 Bxg2 30. Qxg4+ Kh8 0-1

[Event "34. Copenhagen Open (Politiken Cup)"]
[Site "Elsinore"]
[Date "2012.08.04"]
[Round "9"]
[White "Inhoven, Stefan"]
[Black "Teplyi, Igor"]
[Result "0-1"]
[WhiteElo "2140"]
[BlackElo "2388"]
[PlyCount "50"]
[EventDate "2012.07.28"]
[EventType "swiss"]
[EventRounds "10"]
[EventCountry "DEN"]
[Source "ChessBase"]
[SourceDate "2012.08.24"]

1. e4 c5 2. Nf3 d6 3. d4 cxd4 4. Nxd4 Nf6 5. Nc3 a6 6. Bg5 e6 7. f4 Qc7 8. Qf3
b5 9. Bd3 b4 10. Nb1 Nbd7 11. Nd2 Bb7 12. O-O-O Be7 13. Kb1 Nc5 14. N4b3 O-O
15. Nxc5 Qxc5 16. Qh3 Rfc8 17. Rhe1 e5 18. Nf1 h6 19. Bxf6 Bxf6 20. f5 a5 21.
Qe3 Qc7 22. g3 a4 23. h4 d5 24. Rc1 a3 25. c4 axb2 0-1

[Event "34. Copenhagen Open (Politiken Cup)"]
[Site "Elsinore"]
[Date "2012.08.04"]
[Round "9"]
[White "Jacobsen, Caroline Beer"]
[Black "Rasmussen, Henning Lau"]
[Result "1/2-1/2"]
[WhiteElo "1587"]
[BlackElo "1789"]
[PlyCount "70"]
[EventDate "2012.07.28"]
[EventType "swiss"]
[EventRounds "10"]
[EventCountry "DEN"]
[Source "ChessBase"]
[SourceDate "2012.08.24"]

1. e4 e6 2. d4 d5 3. Nd2 c5 4. exd5 Qxd5 5. Ngf3 cxd4 6. Bc4 Qd6 7. O-O Nf6 8.
Nb3 Nc6 9. Nbxd4 Nxd4 10. Nxd4 a6 11. c3 Qc7 12. Bb3 Bd6 13. h3 O-O 14. Re1 b6
15. Bc2 Bb7 16. Qd3 Bf4 17. Bxf4 Qxf4 18. Qe3 Qxe3 19. Rxe3 Rfd8 20. Rd1 Rac8
21. Ree1 Kf8 22. Bb3 Bd5 23. Bxd5 Rxd5 24. Nf3 Rcd8 25. Rxd5 Rxd5 26. c4 Rc5
27. Rc1 b5 28. Nd2 bxc4 29. Rxc4 Rxc4 30. Nxc4 Nd5 31. a3 Ke7 32. Kf1 f6 33. g3
Kd7 34. Ke2 Kc6 35. Kd3 Kc5 1/2-1/2

[Event "34. Copenhagen Open (Politiken Cup)"]
[Site "Elsinore"]
[Date "2012.08.04"]
[Round "9"]
[White "Jensen, Ib"]
[Black "Haldorsen, Benjamin"]
[Result "1-0"]
[WhiteElo "1986"]
[BlackElo "1811"]
[PlyCount "93"]
[EventDate "2012.07.28"]
[EventType "swiss"]
[EventRounds "10"]
[EventCountry "DEN"]
[Source "ChessBase"]
[SourceDate "2012.08.24"]

1. d4 Nf6 2. Nf3 g6 3. Bg5 Bg7 4. Nbd2 O-O 5. e3 d6 6. Be2 Nbd7 7. c3 Rb8 8. a4
b6 9. O-O Bb7 10. a5 b5 11. a6 Ba8 12. b4 Nd5 13. Qb3 c5 14. e4 Nc7 15. Be3 c4
16. Qc2 d5 17. e5 Nb6 18. Ng5 Bc6 19. f4 Bd7 20. g4 e6 21. Rf3 Na4 22. Nf1 Nxa6
23. Ng3 Qc8 24. Nh5 h6 25. Rh3 Qd8 26. Nxg7 Kxg7 27. f5 exf5 28. Rxh6 Rh8 29.
Rxh8 Qxh8 30. e6 Bxe6 31. Bf4 Re8 32. Bf3 Qg8 33. Qg2 fxg4 34. Bxd5 Bxd5 35.
Qxd5 Nxc3 36. Be5+ f6 37. Qb7+ Kh6 38. Nf7+ Kh5 39. Bxf6 Rf8 40. Qe7 Rxf7 41.
Qe5+ g5 42. Rxa6 Qg6 43. Bxg5 Rf5 44. Qh8+ Kxg5 45. Rxg6+ Kxg6 46. Qe8+ Kg5 47.
Qe3+ 1-0